[Event "Johor op 4th"]
[Site "Johor"]
[Date "2017.12.12"]
[Round "3"]
[White "Grigoryan, Karen H"]
[Black "Norbaev, Nabijon"]
[Result "1-0"]
[WhiteElo "2571"]
[BlackElo "2164"]
[PlyCount "49"]
[EventDate "2017.12.11"]
[EventType "swiss"]
[EventRounds "9"]
[EventCountry "MAS"]
[SourceTitle "CBM 182 Extra"]
[Source "ChessBase"]
[SourceDate "2018.02.23"]
[SourceVersion "1"]
[SourceVersionDate "2018.02.23"]
[SourceQuality "1"]

1. d4 e6 2. c4 Nf6 3. Nc3 d5 4. Nf3 Be7 5. Bf4 a6 6. e3 Nbd7 7. c5 Nh5 8. Bd3 Nxf4 9. exf4 c6 10. b4 b6 11. 0-0 a5 12. b5 bxc5 13. bxc6 Nf6 14. dxc5 Bxc5 15. Qc2 Bd6 16. Nb5 Bc7 17. Qc5 g6 18. Rab1 Nh5 19. Nxc7+ Qxc7 20. Rb7 Bxb7 21. cxb7 Qxc5 22. bxa8Q+ Ke7 23. Qxh8 Nf6 24. Ne5 Qc7 25. Bb5 1-0

[Event "Johor op 4th"]
[Site "Johor"]
[Date "2017.12.12"]
[Round "2"]
[White "Norbaev, Nabijon"]
[Black "Pascua, Haridas"]
[Result "1/2-1/2"]
[WhiteElo "2164"]
[BlackElo "2424"]
[PlyCount "72"]
[EventDate "2017.12.11"]
[EventType "swiss"]
[EventRounds "9"]
[EventCountry "MAS"]
[SourceTitle "CBM 182 Extra"]
[Source "ChessBase"]
[SourceDate "2018.02.23"]
[SourceVersion "1"]
[SourceVersionDate "2018.02.23"]
[SourceQuality "1"]

1. e4 c5 2. a3 Nc6 3. b4 cxb4 4. axb4 Nxb4 5. d4 d5 6. c3 Nc6 7. exd5 Qxd5 8. Na3 Bd7 9. Nf3 e5 10. Bc4 Qe4+ 11. Be3 exd4 12. Bxf7+ Kd8 13. Nxd4 Qxg2 14. Nxc6+ Qxc6 15. 0-0 Bxa3 16. Rxa3 Nf6 17. Rxa7 Rxa7 18. Bxa7 Kc8 19. Qd3 Rf8 20. Qg3 Qc7 21. Qxg7 Qd6 22. Bd4 Qe7 23. Qxf6 Qxf6 24. Bxf6 Rxf7 25. Be5 Rf3 26. Rd1 Kd8 27. Kg2 Rf8 28. f4 Rg8+ 29. Kf2 Ke7 30. Rd6 Rg6 31. Rd2 Bc6 32. Ke3 Rg2 33. Rxg2 Bxg2 34. f5 Kf7 35. Kf4 Bc6 36. Kg5 Be4 1/2-1/2

[Event "Penang op-A 9th"]
[Site "Penang"]
[Date "2017.12.06"]
[Round "4"]
[White "Frost, Peter"]
[Black "Norbaev, Nabijon"]
[Result "1/2-1/2"]
[WhiteElo "1926"]
[BlackElo "2164"]
[PlyCount "69"]
[EventDate "2017.12.04"]
[EventType "swiss"]
[EventRounds "9"]
[EventCountry "MAS"]
[SourceTitle "CBM 182 Extra"]
[Source "ChessBase"]
[SourceDate "2018.02.23"]
[SourceVersion "1"]
[SourceVersionDate "2018.02.23"]
[SourceQuality "1"]

1. c4 e6 2. Nc3 b6 3. a3 Bb7 4. e4 d6 5. g3 g6 6. Bg2 Bg7 7. Nge2 Ne7 8. 0-0 0-0 9. d4 Nd7 10. Be3 a6 11. Qd2 Qe8 12. Rad1 Rd8 13. Qc2 Nc6 14. b4 e5 15. d5 Ne7 16. c5 Bc8 17. cxd6 cxd6 18. Na4 b5 19. Nb6 Nxb6 20. Bxb6 Rd7 21. Be3 Rb7 22. Rc1 Bd7 23. Qd3 Qb8 24. Rc2 Rc8 25. Rfc1 Rbc7 26. Rxc7 Rxc7 27. Rxc7 Qxc7 28. Qc3 Qb8 29. Nc1 Nc8 30. Nb3 Bf6 31. Bf1 Nb6 32. Qc1 Bd8 33. Bg2 Qa8 34. Bxb6 Bxb6 35. Na5 1/2-1/2

[Event "Penang op-A 9th"]
[Site "Penang"]
[Date "2017.12.05"]
[Round "2"]
[White "Priasmoro, Novendra"]
[Black "Norbaev, Nabijon"]
[Result "1-0"]
[WhiteElo "2423"]
[BlackElo "2164"]
[PlyCount "83"]
[EventDate "2017.12.04"]
[EventType "swiss"]
[EventRounds "9"]
[EventCountry "MAS"]
[SourceTitle "CBM 182 Extra"]
[Source "ChessBase"]
[SourceDate "2018.02.23"]
[SourceVersion "1"]
[SourceVersionDate "2018.02.23"]
[SourceQuality "1"]

1. e4 e6 2. d4 d5 3. Nc3 Bb4 4. e5 c5 5. Bd2 cxd4 6. Nb5 Bf8 7. Nf3 Nc6 8. Nbxd4 Qb6 9. Bc3 Bd7 10. Be2 Nxd4 11. Bxd4 Bc5 12. Bxc5 Qxc5 13. Qd2 Ne7 14. Rc1 Rc8 15. c4 dxc4 16. Rxc4 Qb6 17. Rg4 Rg8 18. 0-0 Nd5 19. Bd3 h5 20. Rg3 Bb5 21. Bxb5+ Qxb5 22. Nd4 Qd7 23. Rd1 a6 24. f4 Rd8 25. Rd3 g6 26. Ne2 Qc6 27. Nc3 Ke7 28. Nxd5+ exd5 29. Qb4+ Ke6 30. Rc3 Qb5 31. Qd4 Rd7 32. Rb3 Qa5 33. Rb6+ Ke7 34. b4 Qxa2 35. Qc5+ Kd8 36. Rd6 Re8 37. Rxd7+ Kxd7 38. Rxd5+ Ke6 39. Rd6+ Kf5 40. e6+ Kxf4 41. Rd4+ Ke3 42. Qe5# 1-0

[Event "Penang op-A 9th"]
[Site "Penang"]
[Date "2017.12.04"]
[Round "1"]
[White "Norbaev, Nabijon"]
[Black "Ang, Jing Xuan"]
[Result "1-0"]
[WhiteElo "2164"]
[BlackElo "1744"]
[PlyCount "61"]
[EventDate "2017.12.04"]
[EventType "swiss"]
[EventRounds "9"]
[EventCountry "MAS"]
[SourceTitle "CBM 182 Extra"]
[Source "ChessBase"]
[SourceDate "2018.02.23"]
[SourceVersion "1"]
[SourceVersionDate "2018.02.23"]
[SourceQuality "1"]

1. e4 c5 2. Nf3 d6 3. d4 cxd4 4. Nxd4 Nf6 5. Nc3 g6 6. f4 a6 7. Be2 Bg7 8. Be3 0-0 9. 0-0 Nc6 10. Qd2 Nxd4 11. Bxd4 b5 12. Bf3 e5 13. Be3 Bb7 14. a3 Qc7 15. Rad1 Rfd8 16. Qf2 Qc4 17. fxe5 dxe5 18. Be2 Qe6 19. Rxd8+ Rxd8 20. Bg5 Rd6 21. Bd3 Qg4 22. Qe3 h6 23. Bxf6 Rxf6 24. Rxf6 Bxf6 25. Qb6 Be7 26. Qxb7 Bc5+ 27. Kh1 Kg7 28. Qd5 Bd4 29. Ne2 Qg5 30. Qa2 f5 31. Qb1 1-0

[Event "Penang op 8th"]
[Site "Penang"]
[Date "2016.12.09"]
[Round "7"]
[White "Cao, Sang"]
[Black "Norbaev, Nabijon"]
[Result "1-0"]
[WhiteElo "2402"]
[BlackElo "2246"]
[PlyCount "119"]
[EventDate "2016.12.05"]
[EventType "swiss"]
[EventRounds "9"]
[EventCountry "MAS"]
[SourceTitle "CBM 176 Extra"]
[Source "ChessBase"]
[SourceDate "2017.03.02"]
[SourceVersion "1"]
[SourceVersionDate "2017.03.02"]
[SourceQuality "1"]

1. Nf3 e6 2. d4 Nf6 3. Bf4 c5 4. e3 Qb6 5. Qc1 h6 6. Nbd2 d5 7. c3 Nc6 8. Bd3 Bd7 9. h3 a5 10. a4 Rc8 11. 0-0 Be7 12. Qb1 Bd8 13. Ne5 Be7 14. Ndf3 Nxe5 15. dxe5 Ne4 16. Bxe4 dxe4 17. Nd2 Bc6 18. Nxe4 Bxe4 19. Qxe4 c4 20. Rfd1 Rc7 21. Rd4 Qb3 22. Qb1 Bc5 23. Rd2 0-0 24. Qd1 Rc6 25. Qxb3 cxb3 26. Kf1 Rb8 27. Ke2 g5 28. Bg3 Kg7 29. f4 Kg6 30. Kf3 Ba7 31. Rd7 Bc5 32. Be1 Bf8 33. g4 b6 34. Rad1 Rbc8 35. R1d4 Bc5 36. Rd3 Bf8 37. Ke4 Rc4+ 38. R7d4 b5 39. f5+ Kg7 40. axb5 a4 41. Rd1 a3 42. bxa3 Bxa3 43. Kd3 R4c5 44. c4 Bb2 45. b6 Rxe5 46. b7 Rb8 47. Bg3 Rxe3+ 48. Kxe3 Bxd4+ 49. Kxd4 Rxb7 50. Kc3 exf5 51. gxf5 b2 52. Rb1 Kf6 53. c5 Kxf5 54. c6 Rb6 55. c7 Rc6+ 56. Kxb2 Ke6 57. Re1+ Kf5 58. Rc1 Rxc7 59. Rxc7 f6 60. Rc4 1-0

[Event "Penang op 8th"]
[Site "Penang"]
[Date "2016.12.05"]
[Round "1"]
[White "Chow, Kit Meng Jordan Max"]
[Black "Norbaev, Nabijon"]
[Result "1/2-1/2"]
[WhiteElo "1794"]
[BlackElo "2246"]
[PlyCount "77"]
[EventDate "2016.12.05"]
[EventType "swiss"]
[EventRounds "9"]
[EventCountry "MAS"]
[SourceTitle "CBM 176 Extra"]
[Source "ChessBase"]
[SourceDate "2017.03.02"]
[SourceVersion "1"]
[SourceVersionDate "2017.03.02"]
[SourceQuality "1"]

1. e4 e6 2. d4 d5 3. Nc3 Bb4 4. e5 c5 5. a3 Bxc3+ 6. bxc3 Ne7 7. Qg4 Kf8 8. Nf3 Qa5 9. Bd2 Qa4 10. Ra2 Nbc6 11. Bd3 b6 12. Qh5 h6 13. h4 Ba6 14. Ng5 Nd8 15. Nf3 Bxd3 16. cxd3 Ndc6 17. Qg4 Rc8 18. 0-0 cxd4 19. Raa1 Qc2 20. cxd4 Qxd3 21. Rfc1 Qe4 22. Qh3 Nf5 23. Bb4+ Ke8 24. Re1 Qd3 25. Red1 Qb3 26. Rab1 Qa4 27. g4 Nfe7 28. Bd6 h5 29. g5 g6 30. Qf1 Nf5 31. Bb4 Kd7 32. Qd3 Rc7 33. Rdc1 Rhc8 34. Bd6 Rb7 35. Kg2 Ncxd4 36. Rxc8 Nxf3 37. Rf8 Qg4+ 38. Kf1 N5d4 39. Rxf7+ 1/2-1/2

[Event "Zhukovsky Winter op"]
[Site "Zhukovsky"]
[Date "2014.??.??"]
[Round "8"]
[White "Groisman, Anatoliy"]
[Black "Norbaev, Nabijon"]
[Result "1/2-1/2"]
[WhiteElo "1972"]
[BlackElo "2169"]
[PlyCount "54"]
[EventDate "2014.11.22"]
[EventType "swiss"]
[EventRounds "9"]
[EventCountry "RUS"]
[SourceTitle "EXT 2016"]
[Source "ChessBase"]
[SourceDate "2015.10.08"]
[SourceVersion "1"]
[SourceVersionDate "2015.10.08"]
[SourceQuality "1"]

1. e4 e5 2. Nf3 Nc6 3. d4 exd4 4. Nxd4 Nf6 5. Nc3 Bc5 6. Be3 Nxd4 7. Bxd4 Bxd4 8. Qxd4 0-0 9. Bc4 d6 10. 0-0 a6 11. Rad1 Qe7 12. Rfe1 Be6 13. Bxe6 Qxe6 14. f3 Qe5 15. Qxe5 dxe5 16. Nd5 Nxd5 17. Rxd5 Rad8 18. Red1 Rxd5 19. Rxd5 f6 20. Rd7 Rc8 21. Kf2 b5 22. Ke3 c5 23. Rd6 Ra8 24. g4 Kf7 25. h4 Ke7 26. Rd5 c4 27. c3 Rd8 1/2-1/2